000
00307nam a2200145Ia 4500
100
_a
RAMMOURTI V.
650
_a
PRODUCTION
942
_c
BK
366
_f
20
245
_a
MECHANICS OF OF MACHINES
260
_b
NAROSA PUBL.
_a
New Delhi
_c
2010
082
_a
620.1/RAM
300
_a
340
546
_a
ENGLISH
999
_c
18205
_d
18205